00442nam a2200109Ia 4500008004100000050002300041100002800064245010700092260008600199300002000285521002700305140724s9999 xx 000 0 und d aT 58.6b.C118 2013 aCaceres, Cleo Lainne M. aPatient information management system for Dr. Liana Magbanua-Caceres Clinic /cCleo Lainne M. Caceres. aLas Piñas, Philippines :bSouthville International School and Colleges,cc2013. a97 p. :c28 cm. aInformation Technology